Every Track and Field record holder - Statistics

General Stats
  • This quiz has been taken 12 times
  • The average score is 18 of 46
Answer Stats
Hint Time/Score Answer % Correct
Pole vault M 6.30 Armand Duplantis
100%
100 meter M 9.58 Usain Bolt
100%
200 meter M 19.19 Usain Bolt
100%
4x100 meter relay M 36.84 Jamaica
83%
400 meter hurdles M 45.94 Karsten Warholm
83%
4x100 meter relay F 40.82 United States
83%
4x400 meter relay M 2:54.29 United States
83%
Javelin throw M 98.48 Jan Zelezny
67%
Shot put M 23.56 Ryan Crouser
67%
400 meter M 43.03 Wayde Van Niekerk
67%
800 meter M 1:40.91 David Rudisha
50%
100 meter F 10.49 Florence Griffith Joyner
50%
200 meter F 21.34 Florence Griffith Joyner
50%
1500 meter M 3:26.00 Hisham El Guerroujj
50%
High jump M 2.45 Javier Sotomayor
50%
Triple jump M 18.29 Jonathan Edwards
50%
Long jump M 8.95 Mike Powell
50%
Discus throw M 75.56 Mykolas Alekna
50%
4x400 meter relay F 3:15.17 Soviet Union
50%
Pole vault F 5.06 Yelena Isinbayeva
50%
Hammer throw F 82.98 Anita Wlodarczyk
33%
110 meter hurdles 12.80 Aries Merritt
33%
1500 meter F 3:48.68 Faith Kipyegon
33%
5000 meter M 12:35 Joshua Cheptegei
33%
10 000 meter M 26:11 Joshua Cheptegei
33%
Marathon M 2:00:35 Kelvin Kiptum
33%
Decathlon 9126 Kevin Mayer
33%
400 meter F 47.60 Marita Koch
33%
400 meter hurdles F 50.37 Sydney Mclaughlin-Levrone
33%
High jump F 2.10 Yaroslava Mahuchikh
33%
Triple jump F 15.74 Yulimar Rojas
33%
5000 meter F 13:58.06 Beatrice Chebet
17%
10 000 meter F 28:54.14 Beatrice Chebet
17%
Long Jump F 7.52 Galina Chistyakova
17%
Heptathlon 7291 Jacqueline Joyner-Kersee
17%
800 meter F 1:53.28 Jarmila Kratochvilova
17%
20 kilometers race walk F 1:23:49 Jiayu Yang
17%
100 meter hurdles 12.12 Tobi Amusan
17%
Hammer throw M 86.74 Yuriy Sedykh
17%
Javelin throw F 72.28 Barbora Spotakova
0%
3000 meter steeple F 8:44.32 Beatrice Chepkoech
0%
Discus throw F 76.80 Gabriel Reinsch
0%
3000 meter steeple M 7:52.11 Lamecha Girma
0%
Shot put F 22.63 Natalya Lisovskaya
0%
Marathon F 2:15:50 Tigst Assefa
0%
20 kilometers race walk M 1:16:10 Toshikazu Yamanishi
0%
No matching quizzes found
Score Distribution
Percent of People with Each Score
Percentile by Number Answered
Your Score History
You have not taken this quiz